Gas-liquid reactions /
Guardado en:
| Autor Principal: | |
|---|---|
| Formato: | Libro |
| Idioma: | English |
| Publicado: |
New York :
McGraw-Hill Book Co.,
c1970.
|
| Materias: | |
| Etiquetas: |
Agregar Etiqueta
Sin Etiquetas, Sea el primero en etiquetar este registro!
|
| LEADER | 00797nam a22002415a 4500 | ||
|---|---|---|---|
| 001 | EIQ.libpla003281 | ||
| 008 | 700408s1970####nyua#####b####001#0#eng#d | ||
| 005 | 20071119184543.0 | ||
| 245 | 1 | 0 | |a Gas-liquid reactions / |c [by] P. V. Danckwerts. |
| 260 | |a New York : |b McGraw-Hill Book Co., |c c1970. | ||
| 300 | |a xiii, 276 p. : |b il. ; |c 23 cm. | ||
| 504 | |a Incluye referencias bibliográficas e índice. | ||
| 100 | 1 | |a Danckwerts, P. V., |d 1916- | |
| 082 | 0 | 0 | |a 660/.28423 |
| 650 | 4 | |a Gases |x Absorción. | |
| 650 | 4 | |a Gases |x Adsorpción. | |
| 650 | 4 | |a Reactores |x Reacciones química. | |
| 650 | 4 | |a Gases |x Absorption. | |
| 650 | 4 | |a Gases |x Adsorption. | |
| 650 | 4 | |a Reactors |x Chemical reactions. | |
| 010 | |a 75091678 | ||
| 040 | |a DLC |c DLC |d AR-BbSID | ||
| 859 | |a AR-BbSID |b BIB. PLAPIQUI |h 660.299 |i D 196 |p 1079 | ||
